[Event "Chess.com Rapid Wk17 Swiss"]
[Site "Chess.com INT"]
[Date "2022.06.04"]
[Round "5"]
[White "Sychev, Klementy"]
[Black "Preotu, Razvan"]
[Result "1-0"]
[WhiteElo "2534"]
[BlackElo "2445"]
[WhiteFideId "-1"]
[WhiteFideId "-1"]
[PlyCount "59"]
[GameId "1788681185308672"]
[EventDate "2022.06.04"]
[EventType "swiss (rapid)"]
[EventRounds "9"]
[EventCountry "USA"]
[SourceTitle "CBM 208 Extra"]
[Source "ChessBase"]
[SourceDate "2022.07.31"]
[SourceVersion "1"]
[SourceVersionDate "2022.07.31"]
[SourceQuality "1"]

1. d4 Nf6 2. c4 g6 3. Nc3 d5 4. Qa4+ Bd7 5. Qd1 c6 6. cxd5 cxd5 7. Nf3 Bg7 8. Qb3 Nc6 9. Bf4 O-O 10. e3 Na5 11. Qb4 Re8 12. Ne5 Bf8 13. Nxd7 Nxd7 14. Qa4 a6 15. Nxd5 b5 16. Qd1 e5 17. dxe5 Nc4 18. Bxc4 bxc4 19. e6 fxe6 20. Nc7 Bb4+ 21. Kf1 Rc8 22. Nxe8 Qxe8 23. Qa4 Qe7 24. Rd1 Nf6 25. a3 Bc5 26. Qxc4 Qe8 27. Rc1 Rd8 28. Qxc5 Ne4 29. Qc2 Qb5+ 30. Kg1 1-0

[Event "Chess.com Rapid Wk17 Swiss"]
[Site "Chess.com INT"]
[Date "2022.06.04"]
[Round "7"]
[White "Kosteniuk, Alexandra"]
[Black "Preotu, Razvan"]
[Result "0-1"]
[WhiteElo "2510"]
[BlackElo "2445"]
[WhiteFideId "-1"]
[WhiteFideId "-1"]
[PlyCount "104"]
[GameId "1788681185529856"]
[EventDate "2022.06.04"]
[EventType "swiss (rapid)"]
[EventRounds "9"]
[EventCountry "USA"]
[SourceTitle "CBM 208 Extra"]
[Source "ChessBase"]
[SourceDate "2022.07.31"]
[SourceVersion "1"]
[SourceVersionDate "2022.07.31"]
[SourceQuality "1"]

1. e4 c5 2. Nf3 d6 3. Bb5+ Nd7 4. Ba4 Ngf6 5. O-O e6 6. Re1 a6 7. c3 c4 8. d4 cxd3 9. Qxd3 b5 10. Bc2 Bb7 11. b4 Be7 12. a4 O-O 13. Bf4 e5 14. Bg5 d5 15. exd5 Bxd5 16. Nxe5 Nxe5 17. Rxe5 Bc4 18. Qh3 g6 19. Rxe7 Qxe7 20. Nd2 Qe5 21. f4 Qd6 22. f5 Rfe8 23. Qh4 Nd5 24. Ne4 Qe5 25. Bf6 Qf4 26. Qxf4 Nxf4 27. Nd6 Re2 28. Be4 Bd5 29. Bxd5 Nxd5 30. Bd4 bxa4 31. Rxa4 Rc2 32. Ne4 gxf5 33. Nf6+ Nxf6 34. Bxf6 Re8 35. h4 Re6 36. Bd4 f6 37. Ra5 Ree2 38. Rxf5 Rxg2+ 39. Kf1 Rgd2 40. Ke1 Rh2 41. Bf2 Kf7 42. Kf1 Rc1+ 43. Ke2 Rxc3 44. h5 Ke6 45. Rf4 f5 46. Kf1 Rc1+ 47. Ke2 Rc2+ 48. Ke3 Ke5 49. Rf3 Rc3+ 50. Ke2 Rxf3 51. Kxf3 Rh3+ 52. Bg3+ f4 0-1

[Event "Chess.com Rapid Wk17 Swiss"]
[Site "Chess.com INT"]
[Date "2022.06.04"]
[Round "8"]
[White "Preotu, Razvan"]
[Black "Swiercz, Dariusz"]
[Result "1-0"]
[WhiteElo "2445"]
[BlackElo "2652"]
[WhiteFideId "-1"]
[WhiteFideId "-1"]
[PlyCount "89"]
[GameId "1788681185579008"]
[EventDate "2022.06.04"]
[EventType "swiss (rapid)"]
[EventRounds "9"]
[EventCountry "USA"]
[SourceTitle "CBM 208 Extra"]
[Source "ChessBase"]
[SourceDate "2022.07.31"]
[SourceVersion "1"]
[SourceVersionDate "2022.07.31"]
[SourceQuality "1"]

1. e4 e6 2. d4 d5 3. Nc3 Bb4 4. e5 c5 5. a3 Bxc3+ 6. bxc3 Ne7 7. h4 Qc7 8. Rb1 Nbc6 9. h5 h6 10. Nf3 Bd7 11. Be2 c4 12. a4 f6 13. Bf4 O-O-O 14. g3 g5 15. exf6 gxf4 16. fxe7 Rde8 17. gxf4 Qxf4 18. Qd2 Qxd2+ 19. Kxd2 Rxe7 20. Nh4 Rf7 21. Ng6 Re8 22. f4 Ne7 23. a5 Rf6 24. Rbg1 Kd8 25. Ne5 Nf5 26. Rg6 Ref8 27. Rhg1 Be8 28. Rxf6 Rxf6 29. Rg8 Ke7 30. Rh8 Ng3 31. Rh7+ Bf7 32. Ke3 Nf5+ 33. Kd2 Ng3 34. Bf3 Ke8 35. Rh8+ Ke7 36. Rb8 Bxh5 37. Rxb7+ Ke8 38. Bxh5+ Nxh5 39. Rxa7 Ng3 40. a6 Ne4+ 41. Ke3 Nd6 42. Ra8+ Ke7 43. a7 Nb5 44. Re8+ Kxe8 45. a8=Q+ 1-0

[Event "Chess.com Rapid Wk17 Swiss"]
[Site "Chess.com INT"]
[Date "2022.06.04"]
[Round "9"]
[White "Preotu, Razvan"]
[Black "Sarana, Alexey"]
[Result "0-1"]
[WhiteElo "2445"]
[BlackElo "2670"]
[WhiteFideId "-1"]
[WhiteFideId "-1"]
[PlyCount "98"]
[GameId "1788681185665024"]
[EventDate "2022.06.04"]
[EventType "swiss (rapid)"]
[EventRounds "9"]
[EventCountry "USA"]
[SourceTitle "CBM 208 Extra"]
[Source "ChessBase"]
[SourceDate "2022.07.31"]
[SourceVersion "1"]
[SourceVersionDate "2022.07.31"]
[SourceQuality "1"]

1. e4 c5 2. Nf3 d6 3. d4 cxd4 4. Nxd4 Nf6 5. Nc3 a6 6. Be2 e5 7. Nb3 Be7 8. Be3 O-O 9. g4 Be6 10. g5 Ne8 11. Qd2 Nc7 12. O-O-O b5 13. f4 exf4 14. Bxf4 Nc6 15. Nd5 Bxd5 16. exd5 Ne5 17. h4 f6 18. Rhg1 fxg5 19. Bxe5 dxe5 20. d6 gxh4 21. Qh6 Bf6 22. Nc5 Kh8 23. Qe3 e4 24. c3 Be5 25. dxc7 Qxc7 26. Ne6 Qf7 27. Bg4 Rae8 28. Rdf1 Qxf1+ 29. Rxf1 Rxf1+ 30. Kc2 Bf6 31. Nc7 Re5 32. Nxa6 h5 33. Be2 Rh1 34. Kb3 h3 35. Qg3 Rg5 36. Qb8+ Kh7 37. Qf4 Re1 38. Qxe4+ Kh6 39. Qe8 Rxe2 40. Qxe2 Be5 41. Nc5 h2 42. Qe4 Rg1 43. Qe3+ Kh7 44. Qe4+ g6 45. Qxe5 h1=Q 46. Ne6 Qb7 47. Qf6 Qa7 48. Ng5+ Rxg5 49. Qxg5 Qa4# 0-1

[Event "Titled Tuesday 2022.05.31 Late"]
[Site "chess.com INT"]
[Date "2022.05.31"]
[Round "1"]
[White "Miszler, Levente"]
[Black "Preotu, Razvan"]
[Result "1-0"]
[WhiteElo "2243"]
[BlackElo "2453"]
[WhiteFideId "-1"]
[WhiteFideId "-1"]
[PlyCount "59"]
[GameId "2130307575488418"]
[EventDate "2022.05.31"]
[EventType "swiss (blitz)"]
[EventRounds "11"]
[EventCountry "NET"]
[SourceTitle "The Week in Chess 1439"]
[Source "Mark Crowther"]
[SourceDate "2022.06.06"]
[SourceVersion "1"]
[SourceVersionDate "2022.06.06"]
[SourceQuality "2"]

1. Nf3 c5 2. c4 Nc6 3. Nc3 g6 4. g3 Bg7 5. Bg2 e5 6. O-O d6 7. Ne1 Be6 8. Nc2 Bxc4 9. Ne3 Be6 10. Qa4 Nge7 11. d3 a6 12. Ned5 b5 13. Qc2 Rc8 14. Nxe7 Nxe7 15. Bd2 d5 16. Rac1 O-O 17. Rfd1 h6 18. a3 f5 19. e4 d4 20. Ne2 c4 21. Bb4 Rf7 22. f4 fxe4 23. Bxe4 Nd5 24. Bxg6 Rf6 25. dxc4 Ne3 26. Qe4 Bxc4 27. fxe5 Rxg6 28. Qxg6 Nxd1 29. Nf4 Nxb2 30. Nh5 1-0

[Event "Titled Tuesday 2022.05.31 Late"]
[Site "chess.com INT"]
[Date "2022.05.31"]
[Round "5"]
[White "Preotu, Razvan"]
[Black "Mikhalsky, Vladimir"]
[Result "1-0"]
[WhiteElo "2453"]
[BlackElo "2269"]
[WhiteFideId "-1"]
[WhiteFideId "-1"]
[PlyCount "57"]
[GameId "2130307575492673"]
[EventDate "2022.05.31"]
[EventType "swiss (blitz)"]
[EventRounds "11"]
[EventCountry "NET"]
[SourceTitle "The Week in Chess 1439"]
[Source "Mark Crowther"]
[SourceDate "2022.06.06"]
[SourceVersion "1"]
[SourceVersionDate "2022.06.06"]
[SourceQuality "2"]

1. e4 g6 2. d4 Bg7 3. Nc3 d6 4. Be3 a6 5. Qd2 b5 6. O-O-O b4 7. Nd5 c6 8. Nxb4 a5 9. Nd3 Nf6 10. f3 Be6 11. Kb1 Nbd7 12. Nf4 O-O 13. h4 Rb8 14. Nxe6 fxe6 15. Nh3 Nh5 16. Ng5 Qb6 17. c3 Rf6 18. e5 Rf5 19. Nxe6 Ng3 20. Nxg7 Kxg7 21. Bd3 Rh5 22. Rhe1 a4 23. exd6 a3 24. b3 exd6 25. Bf4 Nf5 26. g4 Nxd4 27. cxd4 Qxd4 28. gxh5 Nc5 29. Bc4 1-0

[Event "Titled Tuesday 2022.05.24 Early"]
[Site "chess.com INT"]
[Date "2022.05.24"]
[Round "11"]
[White "Preotu, Razvan"]
[Black "Pranav, V."]
[Result "0-1"]
[WhiteElo "2453"]
[BlackElo "2481"]
[WhiteFideId "-1"]
[WhiteFideId "-1"]
[PlyCount "64"]
[GameId "2130307575672021"]
[EventDate "2022.05.24"]
[EventType "swiss (blitz)"]
[EventRounds "11"]
[EventCountry "NET"]
[SourceTitle "The Week in Chess 1438"]
[Source "Mark Crowther"]
[SourceDate "2022.05.30"]
[SourceVersion "1"]
[SourceVersionDate "2022.05.30"]
[SourceQuality "2"]

1. e4 e5 2. Nf3 Nc6 3. Bc4 Nf6 4. d3 h6 5. O-O d6 6. a4 g5 7. a5 a6 8. Re1 Rg8 9. Nc3 g4 10. Nh4 Nh5 11. Nf5 Bxf5 12. exf5 Nd4 13. Nd5 c6 14. Nb6 Rb8 15. c3 Nxf5 16. d4 Qh4 17. dxe5 d5 18. Nxd5 Bc5 19. Ne3 g3 20. hxg3 Nhxg3 21. fxg3 Rxg3 22. Bxf7+ Ke7 23. b4 Rxe3 24. Bxe3 Nxe3 25. Qf3 Ba7 26. Rxe3 Rd8 27. Rae1 Qxe1+ 28. Kh2 Qh4+ 29. Qh3 Qf4+ 30. Rg3 Bf2 31. Qe6+ Kf8 32. Qxh6+ Qxh6+ 0-1

[Event "Titled Tuesday 2022.05.17 Early"]
[Site "Chess.com INT"]
[Date "2022.05.17"]
[Round "2"]
[White "Preotu, Razvan"]
[Black "Baches Garcia, Guillermo"]
[Result "1-0"]
[WhiteElo "2453"]
[BlackElo "2326"]
[WhiteFideId "-1"]
[WhiteFideId "-1"]
[PlyCount "77"]
[GameId "1783636208173056"]
[EventDate "2022.05.17"]
[EventType "swiss (blitz)"]
[EventRounds "11"]
[EventCountry "NET"]
[SourceTitle "CBM 208 Extra"]
[Source "ChessBase"]
[SourceDate "2022.07.31"]
[SourceVersion "1"]
[SourceVersionDate "2022.07.31"]
[SourceQuality "1"]

1. e4 c5 2. Nf3 d6 3. d4 cxd4 4. Nxd4 Nf6 5. Nc3 Nc6 6. Bg5 e6 7. Qd2 h6 8. Be3 Ng4 9. O-O-O Nxe3 10. Qxe3 Be7 11. f4 O-O 12. Kb1 a6 13. Nxc6 bxc6 14. g4 Rb8 15. h4 Qb6 16. Qxb6 Rxb6 17. g5 h5 18. Bh3 g6 19. Rhf1 d5 20. b3 Bb4 21. Na4 Rb8 22. f5 a5 23. fxg6 fxg6 24. Rxf8+ Bxf8 25. c4 Kf7 26. exd5 cxd5 27. cxd5 exd5 28. Bxc8 Rxc8 29. Rxd5 Ba3 30. Nb2 a4 31. Nc4 Be7 32. Nb6 Rb8 33. Nxa4 Rb4 34. Nc3 Rxh4 35. a4 Ke6 36. Rb5 Rg4 37. a5 h4 38. a6 Bd6 39. a7 1-0

[Event "Titled Tuesday 2022.05.17 Early"]
[Site "Chess.com INT"]
[Date "2022.05.17"]
[Round "8"]
[White "Aghasiyev, Kamal"]
[Black "Preotu, Razvan"]
[Result "1-0"]
[WhiteElo "2441"]
[BlackElo "2453"]
[WhiteFideId "-1"]
[WhiteFideId "-1"]
[PlyCount "83"]
[GameId "1783636212080640"]
[EventDate "2022.05.17"]
[EventType "swiss (blitz)"]
[EventRounds "11"]
[EventCountry "NET"]
[SourceTitle "CBM 208 Extra"]
[Source "ChessBase"]
[SourceDate "2022.07.31"]
[SourceVersion "1"]
[SourceVersionDate "2022.07.31"]
[SourceQuality "1"]

1. d4 Nf6 2. c4 g6 3. Nc3 d5 4. cxd5 Nxd5 5. e4 Nxc3 6. bxc3 Bg7 7. Nf3 c5 8. Be3 O-O 9. Qd2 Bg4 10. Be2 Qa5 11. Rc1 Nd7 12. d5 b5 13. c4 b4 14. O-O Qa3 15. Ne1 Bxe2 16. Qxe2 a5 17. Nd3 Rfc8 18. Rc2 b3 19. axb3 Qxb3 20. f4 Bd4 21. Bxd4 cxd4 22. c5 a4 23. c6 Nf6 24. Rb2 Qc3 25. Rc1 Qa5 26. Rc5 Qa6 27. Nb4 Qa7 28. Nd3 a3 29. Ra2 Rab8 30. h3 Rb1+ 31. Kh2 Rb3 32. Rc4 Qb6 33. Ra4 e6 34. dxe6 fxe6 35. Ne5 d3 36. Nxd3 Qxc6 37. Ne5 Qxa4 38. Rc2 Rxc2 39. Qxc2 Qb5 40. Qc8+ Ne8 41. Qxe6+ Kh8 42. Qe7 1-0

[Event "Titled Tuesday 2022.05.17 Early"]
[Site "Chess.com INT"]
[Date "2022.05.17"]
[Round "10"]
[White "Gurevich, Dmitry"]
[Black "Preotu, Razvan"]
[Result "1-0"]
[WhiteElo "2363"]
[BlackElo "2453"]
[WhiteFideId "-1"]
[WhiteFideId "-1"]
[PlyCount "99"]
[GameId "1783636213235712"]
[EventDate "2022.05.17"]
[EventType "swiss (blitz)"]
[EventRounds "11"]
[EventCountry "NET"]
[SourceTitle "CBM 208 Extra"]
[Source "ChessBase"]
[SourceDate "2022.07.31"]
[SourceVersion "1"]
[SourceVersionDate "2022.07.31"]
[SourceQuality "1"]

1. d4 Nf6 2. c4 g6 3. Nc3 d5 4. Nf3 Bg7 5. cxd5 Nxd5 6. Bd2 c5 7. Rc1 Nxc3 8. Bxc3 cxd4 9. Nxd4 O-O 10. e3 Nd7 11. Be2 Nb6 12. O-O Nd5 13. Be1 Qb6 14. Bf3 Rd8 15. Qb3 Qxb3 16. axb3 Bxd4 17. exd4 Be6 18. Bd2 Rac8 19. Rc5 b6 20. Rxc8 Rxc8 21. Bxd5 Bxd5 22. b4 Rc2 23. Bc3 g5 24. h3 h5 25. Re1 e6 26. Re5 f6 27. Re3 Kg7 28. Re1 Kg6 29. Ra1 Kf5 30. Rxa7 Rc1+ 31. Kh2 Rf1 32. f3 Rf2 33. Kg1 Re2 34. Rf7 Kf4 35. Rxf6+ Kg3 36. Kf1 Rxg2 37. Be1+ Kxh3 38. Bf2 Rh2 39. Ke2 Kg2 40. f4 g4 41. f5 exf5 42. Rxf5 Bf3+ 43. Ke3 h4 44. d5 Rh1 45. d6 h3 46. Rd5 Bxd5 47. d7 g3 48. d8=Q gxf2 49. Qxd5+ Kg3 50. Qxh1 1-0

[Event "Titled Tuesday 2022.05.17 Early"]
[Site "Chess.com INT"]
[Date "2022.05.17"]
[Round "11"]
[White "Manukian, Artak"]
[Black "Preotu, Razvan"]
[Result "0-1"]
[WhiteElo "2196"]
[BlackElo "2453"]
[WhiteFideId "-1"]
[WhiteFideId "-1"]
[PlyCount "54"]
[GameId "1783636213493760"]
[EventDate "2022.05.17"]
[EventType "swiss (blitz)"]
[EventRounds "11"]
[EventCountry "NET"]
[SourceTitle "CBM 208 Extra"]
[Source "ChessBase"]
[SourceDate "2022.07.31"]
[SourceVersion "1"]
[SourceVersionDate "2022.07.31"]
[SourceQuality "1"]

1. e4 c5 2. Nf3 d6 3. Bb5+ Nd7 4. O-O a6 5. Bd3 Ngf6 6. Re1 e6 7. c3 Be7 8. a4 b6 9. Bc2 Bb7 10. d4 Rc8 11. e5 Nd5 12. exd6 Bxd6 13. Nbd2 cxd4 14. Ne4 Bb8 15. Nxd4 O-O 16. Qh5 N7f6 17. Nxf6+ Nxf6 18. Qh4 h6 19. Bxh6 gxh6 20. Qxh6 Rc5 21. Re3 Rh5 22. Qxh5 Nxh5 23. Rh3 Qg5 24. g3 Nf4 25. Rh4 Ng6 26. Bxg6 fxg6 27. Nxe6 Qd5 0-1

[Event "Titled Tuesday 2022.05.17 Early"]
[Site "chess.com INT"]
[Date "2022.05.17"]
[Round "1"]
[White "Shohat, Yotam"]
[Black "Preotu, Razvan"]
[Result "0-1"]
[WhiteElo "2331"]
[BlackElo "2453"]
[WhiteFideId "-1"]
[WhiteFideId "-1"]
[PlyCount "80"]
[GameId "2130307575881073"]
[EventDate "2022.05.17"]
[EventType "swiss (blitz)"]
[EventRounds "11"]
[EventCountry "NET"]
[SourceTitle "The Week in Chess 1437"]
[Source "Mark Crowther"]
[SourceDate "2022.05.23"]
[SourceVersion "1"]
[SourceVersionDate "2022.05.23"]
[SourceQuality "2"]

1. e4 c5 2. Nf3 d6 3. d4 cxd4 4. Nxd4 Nf6 5. Nc3 a6 6. Bc4 e6 7. Bb3 b5 8. O-O Be7 9. Qf3 Qb6 10. Be3 Qb7 11. Qg3 b4 12. Na4 O-O 13. f3 Re8 14. c3 bxc3 15. Nxc3 Bd7 16. Rac1 Nc6 17. Rfd1 Na5 18. Bh6 Bf8 19. Bg5 Be7 20. h3 Qb6 21. Kh2 Kh8 22. Qh4 Rac8 23. f4 h6 24. Bxh6 gxh6 25. Qxh6+ Nh7 26. Nf3 Rg8 27. f5 Qf2 28. Rg1 Nxb3 29. axb3 Bg5 30. Nxg5 Rxg5 31. Rcf1 Qg3+ 32. Kh1 Rcg8 33. Rf3 Qxf3 34. Qxg5 Nxg5 35. gxf3 Nxf3 36. Rxg8+ Kxg8 37. Kg2 Ne5 38. f6 Bc6 39. Kg3 Nd7 40. Kf4 Nxf6 0-1

[Event "Titled Tuesday 2022.05.17 Early"]
[Site "chess.com INT"]
[Date "2022.05.17"]
[Round "4"]
[White "Ezat, Mohamed"]
[Black "Preotu, Razvan"]
[Result "0-1"]
[WhiteElo "2391"]
[BlackElo "2453"]
[WhiteFideId "-1"]
[WhiteFideId "-1"]
[PlyCount "104"]
[GameId "2130307575893493"]
[EventDate "2022.05.17"]
[EventType "swiss (blitz)"]
[EventRounds "11"]
[EventCountry "NET"]
[SourceTitle "The Week in Chess 1437"]
[Source "Mark Crowther"]
[SourceDate "2022.05.23"]
[SourceVersion "1"]
[SourceVersionDate "2022.05.23"]
[SourceQuality "2"]

1. d4 Nf6 2. c4 g6 3. Nc3 d5 4. Bg5 Ne4 5. cxd5 Nxg5 6. h4 e6 7. Qa4+ c6 8. dxc6 Nxc6 9. e3 Bb4 10. hxg5 Qxg5 11. Nf3 Qa5 12. Qxa5 Bxa5 13. Bb5 Bd7 14. O-O-O Rc8 15. Kb1 Bxc3 16. bxc3 a6 17. Ba4 b5 18. Bb3 Na5 19. Kb2 Bc6 20. Rh6 Kf8 21. Ng5 Bxg2 22. f3 Kg7 23. Rh2 h6 24. Nxe6+ fxe6 25. Rxg2 Nc4+ 26. Bxc4 Rxc4 27. Rdg1 g5 28. f4 Rhc8 29. fxg5 h5 30. g6 Rxc3 31. Rh2 Rxe3 32. Rxh5 Re2+ 33. Kb3 Rcc2 34. Rh7+ Kg8 35. Ra7 Rb2+ 36. Ka3 Rxa2+ 37. Kb4 Ra4+ 38. Kc5 Rc4+ 39. Kb6 Rc8 40. Rh1 Rg2 41. Rh6 b4 42. Kxa6 b3 43. Rb7 b2 44. Ka5 Ra8+ 45. Kb6 b1=Q+ 46. Kc7 Qf5 47. Kd6 Qd5+ 48. Ke7 Qxb7+ 49. Kf6 Rf8+ 50. Ke5 Re2+ 51. Kd6 Qd5+ 52. Ke7 Qd8# 0-1

[Event "Titled Tuesday 2022.05.17 Early"]
[Site "chess.com INT"]
[Date "2022.05.17"]
[Round "9"]
[White "Preotu, Razvan"]
[Black "Hoang, Thi Bao Tram"]
[Result "1-0"]
[WhiteElo "2453"]
[BlackElo "2272"]
[WhiteFideId "-1"]
[WhiteFideId "-1"]
[PlyCount "87"]
[GameId "2130307575901913"]
[EventDate "2022.05.17"]
[EventType "swiss (blitz)"]
[EventRounds "11"]
[EventCountry "NET"]
[SourceTitle "The Week in Chess 1437"]
[Source "Mark Crowther"]
[SourceDate "2022.05.23"]
[SourceVersion "1"]
[SourceVersionDate "2022.05.23"]
[SourceQuality "2"]

1. e4 c6 2. Nc3 d5 3. Nf3 Bg4 4. h3 Bxf3 5. Qxf3 Nf6 6. Be2 e6 7. O-O Nbd7 8. d4 dxe4 9. Nxe4 Nxe4 10. Qxe4 Nf6 11. Qd3 Be7 12. c4 O-O 13. Be3 h6 14. b4 Bd6 15. Rab1 Bc7 16. b5 Qd6 17. g3 Qd7 18. bxc6 Qxc6 19. Qb3 Rab8 20. Rfd1 Rfd8 21. d5 exd5 22. cxd5 Rxd5 23. Rxd5 Qxd5 24. Qxd5 Nxd5 25. Bxa7 Rc8 26. Rxb7 Be5 27. a4 Rc1+ 28. Kg2 Nc3 29. Bb5 Rb1 30. f4 Bd6 31. Bd4 Nxa4 32. Rd7 Rxb5 33. Rxd6 Nb2 34. Rd8+ Kh7 35. Rd7 Kg6 36. g4 Nd3 37. f5+ Kg5 38. Be3+ Nf4+ 39. Kg3 Rb3 40. h4+ Kf6 41. Kxf4 g5+ 42. hxg5+ hxg5+ 43. Ke4 Rb4+ 44. Bd4+ 1-0

[Event "Titled Tuesday 2022.05.03 Early"]
[Site "chess.com INT"]
[Date "2022.05.03"]
[Round "2"]
[White "Preotu, Razvan"]
[Black "Saksham, Rautela"]
[Result "1-0"]
[WhiteElo "2453"]
[BlackElo "2480"]
[WhiteFideId "-1"]
[WhiteFideId "-1"]
[PlyCount "93"]
[GameId "2130307576160554"]
[EventDate "2022.05.03"]
[EventType "swiss (blitz)"]
[EventRounds "11"]
[EventCountry "NET"]
[SourceTitle "The Week in Chess 1435"]
[Source "Mark Crowther"]
[SourceDate "2022.05.09"]
[SourceVersion "2"]
[SourceVersionDate "2022.05.09"]
[SourceQuality "2"]

1. e4 e5 2. Nf3 Nc6 3. Bc4 Nf6 4. d3 Bc5 5. c3 a6 6. O-O Ba7 7. Re1 d6 8. a4 O-O 9. h3 h6 10. Nbd2 Re8 11. b4 Be6 12. Bxe6 Rxe6 13. Qc2 Qd7 14. Rb1 Rd8 15. b5 Ne7 16. d4 Ng6 17. d5 Ree8 18. c4 c6 19. b6 Bb8 20. Qb3 cxd5 21. cxd5 Rc8 22. Nc4 Rc5 23. Ba3 Rcc8 24. Rbc1 Nf4 25. Nh4 g6 26. Rc3 Kh7 27. Bc1 N4h5 28. g4 Nf4 29. Ng2 g5 30. Bxf4 exf4 31. f3 Rc5 32. Rec1 Rec8 33. Ne1 Qe8 34. Nd3 Nxd5 35. exd5 Rxd5 36. Re1 Qc6 37. Re7 Kg8 38. Rxf7 Kxf7 39. Nce5+ dxe5 40. Rxc6 bxc6 41. Nb4 Ke6 42. Qc4 Rcd8 43. Nxd5 cxd5 44. Qxa6 e4 45. b7+ Bd6 46. Qb6 exf3 47. Qxd8 1-0

[Event "Dallas CC GM inv."]
[Site "Richardson USA"]
[Date "2022.04.14"]
[Round "1.1"]
[White "Escalante Ramirez, Brian Sebastian"]
[Black "Preotu, Razvan"]
[Result "1/2-1/2"]
[WhiteElo "2483"]
[BlackElo "2462"]
[WhiteFideId "-1"]
[WhiteFideId "-1"]
[PlyCount "92"]
[GameId "2130307576690036"]
[EventDate "2022.04.14"]
[EventType "swiss"]
[EventRounds "9"]
[EventCountry "USA"]
[SourceTitle "10 Days #685"]
[Source "ChessMix"]
[SourceDate "2022.05.01"]
[SourceVersion "1"]
[SourceVersionDate "2022.05.01"]
[SourceQuality "1"]
[WhiteTeam "SEEKER-2"]
[BlackTeam "GM"]

1. e4 c5 2. Nf3 d6 3. d4 cxd4 4. Nxd4 Nf6 5. Nc3 a6 6. Be3 e5 7. Nf3 Be7 8. h3 Be6 9. g4 h6 10. g5 hxg5 11. Nxg5 Qa5 12. a3 Nc6 13. Rg1 O-O-O 14. b4 Qc7 15. Na4 Nd4 16. Bxd4 exd4 17. Qxd4 Nd7 18. Nxe6 fxe6 19. O-O-O Kb8 20. Kb1 Nc5 21. Nc3 Bf6 22. Qe3 Nd7 23. Na4 Qc6 24. Nb2 Nb6 25. c4 Rc8 26. Rc1 g5 27. Be2 Rh4 28. Rg4 Rch8 29. c5 Rxh3 30. f3 Nd7 31. cxd6 Qxd6 32. Nc4 Qc7 33. Rgg1 g4 34. Rgd1 gxf3 35. Bf1 Rg3 36. Rxd7 Qxd7 37. Qf4+ Qc7 38. Qxf6 Rc8 39. Rc2 Rd8 40. Qxe6 Rd1+ 41. Kb2 Rxf1 42. Nb6 Rg2 43. Qe8+ Ka7 44. Nc8+ Kb8 45. Nb6+ Ka7 46. Nc8+ Kb8 1/2-1/2

[Event "Dallas CC GM inv."]
[Site "Richardson USA"]
[Date "2022.04.14"]
[Round "2.1"]
[White "Preotu, Razvan"]
[Black "Javakhadze, Zurab"]
[Result "1-0"]
[WhiteElo "2462"]
[BlackElo "2483"]
[WhiteFideId "-1"]
[WhiteFideId "-1"]
[PlyCount "81"]
[GameId "2130307576690042"]
[EventDate "2022.04.14"]
[EventType "swiss"]
[EventRounds "9"]
[EventCountry "USA"]
[SourceTitle "10 Days #685"]
[Source "ChessMix"]
[SourceDate "2022.05.01"]
[SourceVersion "1"]
[SourceVersionDate "2022.05.01"]
[SourceQuality "1"]
[WhiteTeam "GM"]
[BlackTeam "SEEKER-1"]

1. e4 e5 2. Nf3 Nc6 3. Bc4 Nf6 4. d3 h6 5. O-O d6 6. a4 g5 7. Nc3 Bg7 8. a5 O-O 9. Re1 Ne7 10. d4 Ng6 11. dxe5 dxe5 12. Qxd8 Rxd8 13. a6 b6 14. Nd5 c6 15. Nxf6+ Bxf6 16. Be3 Nf8 17. Red1 Be6 18. Be2 Bg4 19. h3 Bxf3 20. Bxf3 Ne6 21. Bg4 Be7 22. Kf1 Kf8 23. Bxe6 fxe6 24. h4 Rxd1+ 25. Rxd1 Rd8 26. Rxd8+ Bxd8 27. hxg5 hxg5 28. Ke2 Kf7 29. Kf3 c5 30. Kg4 Kg6 31. g3 Be7 32. b4 Bd6 33. bxc5 Bxc5 34. Bxg5 Bxf2 35. Bd8 b5 36. Kf3 Bd4 37. g4 Kf7 38. Ke2 Kg6 39. Kd3 Kh6 40. c4 b4 41. Kc2 1-0

[Event "Dallas CC GM inv."]
[Site "Richardson USA"]
[Date "2022.04.15"]
[Round "3.1"]
[White "Schitco, Ivan"]
[Black "Preotu, Razvan"]
[Result "1-0"]
[WhiteElo "2466"]
[BlackElo "2462"]
[WhiteFideId "-1"]
[WhiteFideId "-1"]
[PlyCount "83"]
[GameId "2130307576690048"]
[EventDate "2022.04.14"]
[EventType "swiss"]
[EventRounds "9"]
[EventCountry "USA"]
[SourceTitle "10 Days #685"]
[Source "ChessMix"]
[SourceDate "2022.05.01"]
[SourceVersion "1"]
[SourceVersionDate "2022.05.01"]
[SourceQuality "1"]
[WhiteTeam "SEEKER-3"]
[BlackTeam "GM"]

1. d4 Nf6 2. c4 g6 3. h4 Bg7 4. Nc3 Nc6 5. e3 d6 6. Be2 Bd7 7. b3 e5 8. d5 Ne7 9. e4 h5 10. f3 c6 11. Be3 cxd5 12. cxd5 Bh6 13. Bxh6 Rxh6 14. Qd2 Rh8 15. Bd3 Qb6 16. Nge2 Kf8 17. Nd1 Kg7 18. Ne3 a5 19. Nc4 Qc7 20. Rc1 Qb8 21. Nb6 Ra7 22. O-O Nc8 23. Qe3 Nxb6 24. Qxb6 Rc8 25. Rxc8 Bxc8 26. Rc1 Ra8 27. Rc7 Ne8 28. Re7 Nf6 29. Bb5 Bd7 30. Rxd7 Nxd7 31. Bxd7 Ra6 32. Qe3 Qd8 33. Bb5 Ra8 34. g3 Rc8 35. Bd3 a4 36. b4 a3 37. Kf2 Qc7 38. Qa7 Rf8 39. Kg2 f5 40. exf5 gxf5 41. Qxa3 Qb6 42. Qc1 1-0

[Event "Dallas CC GM inv."]
[Site "Richardson USA"]
[Date "2022.04.15"]
[Round "4.1"]
[White "Preotu, Razvan"]
[Black "Amburgy, Ryan"]
[Result "1-0"]
[WhiteElo "2462"]
[BlackElo "2262"]
[WhiteFideId "-1"]
[WhiteFideId "-1"]
[PlyCount "49"]
[GameId "2130307576690054"]
[EventDate "2022.04.14"]
[EventType "swiss"]
[EventRounds "9"]
[EventCountry "USA"]
[SourceTitle "10 Days #685"]
[Source "ChessMix"]
[SourceDate "2022.05.01"]
[SourceVersion "1"]
[SourceVersionDate "2022.05.01"]
[SourceQuality "1"]
[WhiteTeam "GM"]
[BlackTeam "SEEKER-3"]

1. e4 c6 2. Nc3 d5 3. Nf3 dxe4 4. Nxe4 Nf6 5. Qe2 Nxe4 6. Qxe4 Nd7 7. d4 Nf6 8. Qf4 Qd6 9. Bd3 Bg4 10. Ne5 Bh5 11. O-O Nd5 12. Qh4 Bg6 13. Bxg6 fxg6 14. c4 Nc7 15. Be3 Rd8 16. Rad1 c5 17. Qe4 Ne6 18. Qf3 Rd7 19. Nf7 Qa6 20. d5 Rg8 21. dxe6 Qxe6 22. Rxd7 Kxd7 23. Rd1+ Kc7 24. Bf4+ Kb6 25. Qb3+ 1-0